MARC

LEADER 00000nam0a2200000 4500
001 62497
005 20231031063534.0
010 |a 5743311811 
035 |a (RuTPU)RU\TPU\book\66283 
090 |a 62497 
100 |a 20040412d2003 k y0rusy50 ca 
101 0 |a rus 
102 |a RU 
105 |a a z 001zy 
200 1 |a Электротехнические комплексы и силовая электроника. Анализ, синтез и управление  |e Межвузовский научный сборник  |f Саратовский государственный технический университет 
210 |a Саратов  |c Изд-во Саратовского гос. ун-та  |d 2003 
215 |a 98 с.  |c ил. 
320 |a Библиогр. в конце статей 
610 1 |a электротехнические комплексы 
610 1 |a питание 
610 1 |a транзисторные преобразователи 
610 1 |a элементная база 
610 1 |a преобразовательные сети 
610 1 |a надежность 
610 1 |a производственные системы 
610 1 |a силовые тиристоры 
610 1 |a электропитание 
610 1 |a источники 
675 |a 621.314.632  |v 3 
712 0 2 |a Саратовский государственный технический университет  |2 stltpush  |3 (RuTPU)RU\TPU\col\95 
801 1 |a RU  |b 63413507  |c 20030327  |g PSBO 
801 2 |a RU  |b 63413507  |c 20211007  |g PSBO 
942 |c BK